Responses for show #7355 - Friday, July 29, 2016

Last game of Season 32.

Contestants

Courtney Paulson, a graduate assistant from Los Angeles, California

Jim Lebbos, a legal consultant from Charlotte, North Carolina

Barbra Resnick, a social worker from Altamonte Springs, Florida (whose 2-day cash winnings total $26,799)

Jeopardy! Round responses

STATE OF THE TV SHOW
U.S. CODE TALKING
WOMEN AUTHORS
WE'LL BE GRILLIN' & CHILLIN'
"C-U"
IN SEPTEMBER
    $200 4
Washington

Barbra
    $200 25
the flag

Courtney
    $200 1
(Pearl) Buck

Barbra
    $200 16
[Alex read "HPBA" in the clue as "Hearth, Patio and Barbecue Association".]

Labor Day

Barbra
    $200 10
a curator

Barbra
    $200 15
London

Jim
    $400 5
Utah

Jim
    $400 26
a census

Barbra
    $400 2
(Judy) Blume

Courtney
    $400 17
butterflying

Jim
    $400 11
Curly

Barbra
    $400 21
March

Barbra
    $600 6
Alaska

Courtney
    $600 28
(Courtney: What is majority leader?)
...
(Alex: [*], yes. A majority leader has to be at least 16. Boy, you're taking us into some strange politics.)
(Courtney: Yeah.)

a page

JimCourtney
    $600 3
George Eliot

Triple Stumper
    $600 18
fajitas

Barbra
    $600 12
Cubism

Courtney
    $2,000 22
(Barbra: What is the cherry blossom?)

the chrysanthemum

Barbra
    $800 7
New York

Courtney
    $800 29
(Courtney: What is Immigration?)
(Alex: And...?)
(Courtney: Immigration and, uh...)
(Alex: Didn't give it all.)

Immigration and Naturalization

JimCourtney
    $800 9
Pern

Triple Stumper
    $800 19
onions

Barbra
    $800 13
(Barbra: What is cumulus?)

cumulonimbus

BarbraCourtney
    $800 23
1991

Jim
    $1000 8
Indiana

Courtney
    $1000 30
$400,000 a year

Triple Stumper
    $1000 27
Edna Ferber

Triple Stumper
    $1000 20
Mongolian barbecue

Barbra
    $1000 14
Cuernavaca

Triple Stumper
    $1000 24
(Jim: Who is St. Jude?)

St. Vincent de Paul

Jim
Triple Stumper

Scores at the first commercial break (after clue 15):

Barbra Jim Courtney
$200 $600 $4,200

Scores at the end of the Jeopardy! Round:

Barbra Jim Courtney
$1,600 $2,200 $3,000

Double Jeopardy! Round responses

SCARY-SOUNDING ANIMALS
SPELL THE FIRST NAME
WORKING WITH A BEATLE
BATTLESHIPS
WORD ORIGINS
TRAVEL IRELAND
    $400 7
a ghost crab

Courtney
    $400 1
S-O-N-I-A

Barbra
    $400 3
the Monkees

Courtney
    $400 22
the Maine

Jim
    $1,000 10
(Barbra: What is noun?)
(Alex: No, the Latin word for "word" is verbum. So we were going for "[*]".)

verb

Barbra
    $400 15
the Blarney Stone

Courtney
    $800 8
Dracula

Barbra
    $800 2
(Alex: [*] Patrick Harris. Correct.)

N-E-I-L

Jim
    $800 18
Linda Eastman (McCartney)

Jim
    $800 23
(Courtney: What is the Lusitania?)

the Bismarck

JimCourtney
    $800 11
a broker

Barbra
    $800 16
the Virgin Mary

Courtney
    $1200 9
(Alex: That's a [*]. Don't wanna eat that.)

skeleton shrimp

Triple Stumper
    $1200 4
M-E-L-A-N-I-A

Courtney
    $1200 19
Peter Frampton

Triple Stumper
    $1200 24
the U.S.S. Missouri

Triple Stumper
    $1200 12
terrific

Courtney
    $1200 17
Limerick

Barbra
    $1600 29
a moth

Courtney
    $1600 5
S-U-R-I

Courtney
    $1600 20
the Traveling Wilburys

Jim
    $3,000 25
(Alex: Jim? Not coming, huh?)
(Jim: No.)

the battleship Potemkin

Jim
    $1600 13
a mask

Courtney
    $1600 27
Kells

Triple Stumper
    $2000 6
J-E-H

Triple Stumper
    $2000 21
Elton John

Triple Stumper
    $2000 26
the Dreadnought

Triple Stumper
    $2000 14
ecru

Barbra
    $2000 28
Molly Malone

Triple Stumper

Scores at the end of the Double Jeopardy! Round:

Barbra Jim Courtney
$5,800 $3,600 $11,400

[wagering suggestions for these scores]

Final Jeopardy! Round responses

COLLEGES & UNIVERSITIES
(Alex: What big spring event happens for colleges and universities? March Madness.)
...
(Alex: [To Courtney] Look at that smile, because she came up with the NCAA champions for 2016, [*]. New champion in Courtney.)
JimWhat is Notre Dame
$2,777
BarbraWhat is Notre Dame?
$5,601
CourtneyWhat is Villanova?
$300
Villanova

Final scores:

Barbra Jim Courtney
$199 $823 $11,700
3rd place: $1,000 2nd place: $2,000 New champion: $11,700

Game dynamics:

Coryat scores:

Barbra Jim Courtney
$8,800 $6,600 $11,400
15 R,
3 W
(including 2 DDs)
11 R,
2 W
(including 1 DD)
16 R,
3 W

Combined Coryat: $26,800

The J! Archive is created by fans, for fans. The Jeopardy! game show and all elements thereof, including but not limited to copyright and trademark thereto, are the property of Jeopardy Productions, Inc. and are protected under law. This website is not affiliated with, sponsored by, or operated by Jeopardy Productions, Inc. Join the discussion at JBoard.tv.